| 000 | 00756nam a2200205 i 4500 | ||
|---|---|---|---|
| 001 | 41834 | ||
| 003 | ES-MaACL | ||
| 005 | 20250808084926.0 | ||
| 007 | t| | ||
| 008 | 030311m19511954sp ||||1| spa d | ||
| 100 | 1 |
_aCastán Tobeñas, José, _d1889-1969 _936392 |
|
| 245 | 1 | 0 |
_aDerecho civil español común y foral / _cJosé Castán Tobeñas. |
| 250 | _a7ª ed. modificada y considerablemente amp. | ||
| 260 |
_aMadrid : _bReus, _c1951-54. |
||
| 300 |
_a2 v. ; _c23 cm. |
||
| 505 | 8 | _aContiene: V. III: Derecho de obligaciones. La obligación y el contrato en general. -- V. V: Parte 1ª. Derecho de familia. Relaciones conyugales | |
| 650 | 0 | 4 |
_aDerecho civil- _zEspaña _911659 |
| 852 |
_aES-MaACL _jP-1042- bis |
||
| 999 |
_c41834 _d41834 |
||